ՄԱՅՐ ԱԹՈՌ ՍՈՒՐԲ ԷՋՄԻԱԾԻՆ

«ՎԱՉԵ ԵՎ ԹԱՄԱՐ ՄԱՆՈՒԿՅԱՆ» ՄԱՏԵՆԱԴԱՐԱՆ

Армения. Легенды бытия. (Record no. 67387)

MARC details
000 -LEADER
fixed length control field 01699nam a2200289 4500
003 - CONTROL NUMBER IDENTIFIER
control field SEM
005 - DATE AND TIME OF LATEST TRANSACTION
control field 20220608073912.0
008 - FIXED-LENGTH DATA ELEMENTS--GENERAL INFORMATION
fixed length control field 171011b xxu||||| |||| 00| 0 rus d
020 ## - INTERNATIONAL STANDARD BOOK NUMBER
International Standard Book Number 9785890763273
040 ## - CATALOGING SOURCE
Original cataloging agency SEM
Transcribing agency SEM
041 0# - LANGUAGE CODE
Language code of text/sound track or separate title rus.
080 ## - UNIVERSAL DECIMAL CLASSIFICATION NUMBER
Universal Decimal Classification number 947.925(084.1)/А-83
245 04 - TITLE STATEMENT
Title Армения. Легенды бытия.
Remainder of title Страна, излучающая все круги истории. [Каталог]. /
Statement of responsibility, etc. Фото.: В. Л. Акопян; Отв. ред.: Е. В. Даниличева; Ред.: И. Ю. Волченкова, М. А. Наумова; Министерство культуры Российской Федерации; Министерство культуры Республики Армения; Государственный исторический музей; Музей истории Армении
260 ## - PUBLICATION, DISTRIBUTION, ETC.
Place of publication, distribution, etc. Москва:
Name of publisher, distributor, etc. Государственный исторический музей,
Date of publication, distribution, etc. 2016.
300 ## - PHYSICAL DESCRIPTION
Extent 283 с.;
Other physical details илл.;
Dimensions 29 см.
504 ## - BIBLIOGRAPHY, ETC. NOTE
Bibliography, etc. note Прин. сокр., лит. - с.: 282-283.
650 ## - SUBJECT ADDED ENTRY--TOPICAL TERM
Topical term or geographic name entry element История Армении
General subdivision альбом
700 1# - ADDED ENTRY--PERSONAL NAME
Personal name Акопян В. Л.
Relationship фото.
Relator term photo
700 1# - ADDED ENTRY--PERSONAL NAME
Personal name Даниличева Е. В.
Relationship отв. ред.
Relator term edt.
700 1# - ADDED ENTRY--PERSONAL NAME
Personal name Волченкова И. Ю.
Relationship ред.
Relator term edt.
700 1# - ADDED ENTRY--PERSONAL NAME
Personal name Наумова М. А.
Relationship ред.
Relator term edt.
710 2# - ADDED ENTRY--CORPORATE NAME
Corporate name or jurisdiction name as entry element Министерство культуры Российской Федерации
710 2# - ADDED ENTRY--CORPORATE NAME
Corporate name or jurisdiction name as entry element Министерство культуры Республики Армения
710 2# - ADDED ENTRY--CORPORATE NAME
Corporate name or jurisdiction name as entry element Государственный исторический музей
710 2# - ADDED ENTRY--CORPORATE NAME
Corporate name or jurisdiction name as entry element Музей истории Армении
942 ## - ADDED ENTRY ELEMENTS (KOHA)
Source of classification or shelving scheme Universal Decimal Classification
Koha item type Գրքեր/Books
Holdings
Withdrawn status Lost status Source of classification or shelving scheme Damaged status Not for loan Collection code Home library Current library Date acquired Cost, normal purchase price Inventory number Total Checkouts Full call number Barcode Date last seen Price effective from Koha item type Public note
    Universal Decimal Classification     Գրապահոց Մայր Աթոռ Սուրբ Էջմիածին «Վաչե և Թամար Մանուկյան» Մատենադարան Մայր Աթոռ Սուրբ Էջմիածին «Վաչե և Թամար Մանուկյան» Մատենադարան 11/10/2017 18000.00 Рус-8521   947.925(084.1)/А-83 Рус-8521 11/10/2017 11/10/2017 Գրքեր/Books Սպասարկվում է ընթերցասրահ